000
00239nam a2200085Ia 4500
245
0
_a
Die Bybel vir kleingoed
100
_a
LANE, Leena Wellington, 2003 1ste uitg
_9
104596
942
_c
BK
008
210818s9999 xx 000 0 und d
999
_c
473379
_d
473378